000 00307nam a2200109Ia 4500
008 200302s9999 xx 000 0 und d
100 _aTom Avermaete
245 _aArchitectural Positions Architecture Modernity and the Public Sphere
260 _bSun Publishers Amsterdam
260 _c2009
300 _a399 P.,
999 _c2740
_d2740